| 000 | 00472nam a2200181Ia 4500 | ||
|---|---|---|---|
| 008 | 230917s9999||||xx |||||||||||||| ||und|| | ||
| 020 | _cRS495 | ||
| 040 |
_e232975 _aMAIN |
||
| 041 | _aEnglish | ||
| 082 | _a340.1 M989J | ||
| 100 | _aMyneni, S R | ||
| 245 | 0 | _aJusisprudence: Legal theory | |
| 250 | _a2nd ed. | ||
| 260 |
_aHyderabad _bAaia Law Publishers _c2001 |
||
| 300 | _axl, 596 p. | ||
| 500 | _a2320 06/05/2016 HBD16/6577 29/06/2016 Main Budget | ||
| 942 | _cBK | ||
| 999 |
_c18636 _d18636 |
||